Vplyv kobaltu na štruktúru a magnetické vlastnosti rýchlochladených mikrokryštalických Fe-6,5hm. [percenta] Si zliatin

Bibliographic Details
Main Authors: Sólyom, Alexander, 1935- (Author), Marko, Peter (Author), Matisová, Denisa (Author)
Format: Article
Language:Slovak
PhysicalDescription:Obr., tab.
ISSN:0023-432X
Subjects:

MARC

LEADER 00000nab a2200000 a 4500
001 vtls000653863
003 SK-MaSNL
005 20260304085916.0
008 250425c1997 xo 0 slo
015 |a SNBRA1998/02-05154 
035 |a CLN000006056 
035 |a urn:nbn:sk:snk-abbrkz 
035 |a (urnnbn)urn:nbn:sk:snk:ar-001jby 
035 |a (uuid)490b70ab-e829-46fb-937b-bcc78d72565c 
040 |a SNKBUCL  |b slo  |c SNKBUCL  |e AACR2 
041 0 |a slo 
044 |a xo  |c SK 
080 |a 669.15'782  |2 1997 
080 |a 620.18  |2 1997 
100 1 |a Sólyom, Alexander,  |d 1935-  |4 aut  |9 39870 
245 1 0 |a Vplyv kobaltu na štruktúru a magnetické vlastnosti rýchlochladených mikrokryštalických Fe-6,5hm. [percenta] Si zliatin  |c Alexander Sólyom, Peter Marko, Denisa Matisová 
300 |b Obr., tab. 
504 |a Res. angl., slov. Bibliogr. odkazy 
650 0 7 |a zliatiny Fe-Si  |x štruktúra  |x vlastnosti magnetické  |x kobalt  |2 snkbucl  |9 1380097 
655 7 |a články z novín a časopisov  |2 snkbucl  |9 267496 
700 1 |a Marko, Peter  |4 aut  |9 163092 
700 1 |a Matisová, Denisa  |4 aut  |9 791377 
773 0 |t Kovové materiály  |g Roč. 35, č. 6 (1997), s. 365-371  |x 0023-432X 
850 |a Slovenská národná knižnica 
852 |a Slovenská národná knižnica 
958 |a article15 
958 |a OND 
958 |a NB 
958 |a RBX 
958 |a EUIPO 
999 |c 2809652  |d 2811582